header

Mastering Active Directory for Windows Server 2008 (Record no. 77359)

MARC details
000 -LEADER
fixed length control field 01279nam a2200325Ia 4500
082 04 - DEWEY DECIMAL CLASSIFICATION NUMBER
Classification number 005.7/1376
100 1# - MAIN ENTRY--AUTHOR NAME
Personal name Price, John,
245 10 - TITLE STATEMENT
Title Mastering Active Directory for Windows Server 2008
260 ## - PUBLICATION, DISTRIBUTION, ETC. (IMPRINT)
Place of publication Indianapolis, Ind. :
Name of publisher Wiley Pub.,
Year of publication 2008.
300 ## - PHYSICAL DESCRIPTION
Number of Pages xxvii, 738 p. :
Other physical details ill.
650 #0 - SUBJECT ADDED ENTRY--TOPICAL TERM
Topical Term Directory services (Computer network technology)
Topical Term Operating systems (Computers)
700 1# - ADDED ENTRY--PERSONAL NAME
Personal name Fenstermacher, Scott.
Personal name Price, Brad.
856 40 - ELECTRONIC LOCATION AND ACCESS
Uniform Resource Identifier http://site.ebrary.com/lib/rucke/Doc?id=10296551

No items available.

© 2026 Rongo University
Contact us: librarian | system librarian | Rongo university